|
|
|
|
| LEADER |
00934nam a2200277 4500 |
| 001 |
DLU180183051 |
| 005 |
##20180112 |
| 040 |
# |
# |
|a DLU
|b vie
|
| 041 |
# |
# |
|a vie
|
| 044 |
# |
# |
|a vn
|
| 100 |
# |
# |
|a Nguyễn Đức Sơn.
|
| 245 |
# |
# |
|a Đánh giá thuộc tính đo lường của bảng kiểm cái tôi đa chiều - bản thích nghi tiếng Việt /
|c Nguyễn Đức Sơn, Vũ Thị Ánh Tuyết.
|
| 653 |
# |
# |
|a Độ ổn định
|
| 653 |
# |
# |
|a Độ tin cậy
|
| 653 |
# |
# |
|a Bảng kiểm cái tôi đa chiều
|
| 653 |
# |
# |
|a Thuộc tính đo lường tâm lý
|
| 700 |
# |
# |
|a Vũ Thị Ánh Tuyết.
|
| 773 |
# |
# |
|t Tâm lý học
|g Số 3(192), 2015, tr. 43-52
|
| 920 |
# |
# |
|a Phòng Tạp chí -- Trung tâm Thông tin - Thư viện Trường Đại học Đà Lạt
|
| 900 |
# |
# |
|a True
|
| 911 |
# |
# |
|a Nguyễn Thị Thu Phương
|
| 925 |
# |
# |
|a G
|
| 926 |
# |
# |
|a A
|
| 927 |
# |
# |
|a BB
|
| 980 |
# |
# |
|a Thư viện Trường Đại học Đà Lạt
|